ARRUPE JESUIT UNIVERSITY

CORONAVIRUS -STOP THE SPREAD - CLEAN,DISINFECT,COVER

African socialism or socialist Africa? / (Record no. 131464)

MARC details
000 -LEADER
fixed length control field 00837nam a2200265 a 4500
001 - CONTROL NUMBER
control field 4213824
003 - CONTROL NUMBER IDENTIFIER
control field ARRUPE
005 - DATE AND TIME OF LATEST TRANSACTION
control field 20220519120623.0
008 - FIXED-LENGTH DATA ELEMENTS--GENERAL INFORMATION
fixed length control field 820928s1981 enk 000 0 eng
010 ## - LIBRARY OF CONGRESS CONTROL NUMBER
LC control number 81167153
020 ## - INTERNATIONAL STANDARD BOOK NUMBER
International Standard Book Number 0905762193 :
Terms of availability £4.50
040 ## - CATALOGING SOURCE
Original cataloging agency DLC
Transcribing agency DLC
Modifying agency DLC
043 ## - GEOGRAPHIC AREA CODE
Geographic area code f------
050 00 - LIBRARY OF CONGRESS CALL NUMBER
Classification number HX439
Item number .B3 1981
082 00 - DEWEY DECIMAL CLASSIFICATION NUMBER
Classification number 335/.0096
Edition number 19
300 ## - PHYSICAL DESCRIPTION
Dimensions 23 cm.
100 1# - MAIN ENTRY--PERSONAL NAME
Personal name Babu, Abdul Rahman Mohamed.
9 (RLIN) 51682
245 10 - TITLE STATEMENT
Title African socialism or socialist Africa? /
Statement of responsibility, etc Abdul Rahman Mohamed Babu.
260 ## - PUBLICATION, DISTRIBUTION, ETC. (IMPRINT)
Place of publication, distribution, etc London :
Name of publisher, distributor, etc Zed Press ;
Place of publication, distribution, etc Westport, Conn. :
Name of publisher, distributor, etc distributed by Lawrence Hill,
Date of publication, distribution, etc 1981.
300 ## - PHYSICAL DESCRIPTION
Extent xv, 174 p. ;
490 1# - SERIES STATEMENT
Series statement Africa series
650 #0 - SUBJECT ADDED ENTRY--TOPICAL TERM
Topical term or geographic name as entry element Socialism
Geographic subdivision Africa.
9 (RLIN) 47053
830 #0 - SERIES ADDED ENTRY--UNIFORM TITLE
Uniform title Africa series (Zed Press)
9 (RLIN) 51617
906 ## - LOCAL DATA ELEMENT F, LDF (RLIN)
a 7
b cbc
c orignew
d 2
e ncip
f 19
g y-gencatlg
942 ## - ADDED ENTRY ELEMENTS (KOHA)
Source of classification or shelving scheme Library of Congress Classification
Koha item type Monograph ( Printed materials)
Holdings
Withdrawn status Lost status Source of classification or shelving scheme Damaged status Not for loan Collection code Home library Current library Shelving location Date acquired Total Checkouts Full call number Barcode Date last seen Price effective from Koha item type
    Library of Congress Classification     Main Collection ARRUPE LIBRARY ARRUPE LIBRARY Main Collection 19/05/2022   HX439 .B3 1981 46600008608 19/05/2022 19/05/2022 Monograph ( Printed materials)

 

Arrupe Library. PO Box MP320 Mt Pleasant, Harare, Zimbabwe
263 242 745411|librarian@aju.ac.zw